Statistiken für Flüsse der Welt A-Z

Klicken Sie hier um das Quiz zu spielen!

Allgemein

  • Dieses Quiz wurde 262 mal gespielt
  • Das Durchschnittsergebnis liegt bei 13 aus 26

Antwortstatistiken

LänderHinweisFluss% Korrekt
APeru, Kolumbien, BrasilienWasserreichster Fluss der Welt, durchfließt den brasilianischen Regenwald und die Stadt Manaus, mündet im AtlantikAmazonas
97%
NBurundi, Ruanda, Uganda, Tansania, Südsudan, Sudan, ÄgyptenLängster Fluss der Welt, durchfließt den Viktoriasee, Khartum und Kairo, mündet ins MittelmeerNil
85%
DRusslandFluss im Süden des europäischen Russlands, durchfließt Rostow und Woronesch, mündet im Asowschen MeerDon
79%
GIndien, BangladeschHeiliger Fluss des Hinduismus im Norden Indiens, mündet zusammen mit dem #B in den Golf von BengalenGanges
79%
KDem Rep #K, Republik #K, AngolaStrom in Zentralafrika, gibt zwei Ländern seinen Namen, trennt Kinshasa von BrazzavilleKongo
77%
CUSA, MexikoFluss im Südwesten der USA, durchfließt den Grand Canyon, gibt einem Bundesstaat seinen Namen, mündet im Golf von KalifornienColorado
74%
HUSAFluss im Nordosten der USA, mündet in New York City in den AtlantikHudson
67%
ETürkei, Syrien, IrakEin Strom des Zweistromlandes, durchfließt Raqqa, Babylon und Uruk, mündet im Persischen GolfEuphrat
60%
LRusslandStrom durch Sibirien, Quelle nahe des Baikalsees, durchfließt Jakutsk und mündet in den Arktischen OzeanLena
59%
TTürkei, Syrien, IrakStrom des Zweistromlandes, fließt durch Mosul, Bagdad und Tikrit, mündet in den #ETigris
58%
UBrasilien, Argentinien, #UFluss in Südamerika, dass einem Land "östlich des #U" seinen Namen gibt, dessen Westgrenze mit Argentinien er bildetUruguay
58%
JChinaLängster Fluss Asiens, durchfließt den Drei-Schluchten-D amm, Wuhan und mündet in Shanghai ins Ostchinesische MeerJangtsekiang
57%
SMali, Mauretanien, #SFluss in Westafrika, gibt einem Land seinen NamenSenegal
53%
WPolenWohl wichtigster Fluss Polens, durchfließt Krakau und Warschau und mündet bei Danzig in die OstseeWeichsel
53%
YKanada, USAFluss, welcher Territorium im Norden Kanadas seinen Namen gibt und dann Alaska durchfließtYukon
53%
MChina, Myanmar, Vietnam, Laos, Kambodscha, ThailandFluss in Südostasien, durchfließt Vientane und Phnom Penh und mündet in Ho Chi Minh Stadt in das Südchinesische MeerMekong
51%
IChina, Indien, PakistanFluss, welcher Pakistan von Norden bis Süden durchfließt und südlich von Karatschi ins Arabische Meer mündet, gibt einem Subkontinent seinen NamenIndus
49%
RUSA, MexikoGrenzfluss zwischen den USA und Mexiko, durchfließt Albuquerque und El Paso, mündet in den Golf von MexikoRio Grande
49%
ZSambia, Angola, Mosambik, Simbabwe, Namibia, BotswanaLängster Fluss im südlichen Afrika, passiert die Viktoriafälle und mündet in der Straße von Mosambik, häufig mit S geschriebenZambesi
46%
OKolumbien, VenezuelaWasserreicher Strom im Norden Südamerikas mit ausgedehntem Flussdelta zum AtlantikOrinoco
27%
BChina, Indien, BangladeschWasserreicher Strom, quellt in Tibet, durchfließt Ostindien und Bangladesch und mündet zusammen mit dem #G im Golf von BengalenBrahmaputra
23%
VGhana, Burkina FasoFluss, nach dem Burkina Faso früher benannt wird, nährt großen Stausee in GhanaVolta
22%
FKanadaFluss durch British Columbia, mündet in Vancouver in den Pazifik, heißt wie ein Schauspieler (Die Mumie, Der Wal)Fraser
17%
PChinaFluss in Südchina, in dessen Mündungsdelta sich viele Metropolen wie Guangzhou, Shenzen oder Hong Kong befindenPerlfluss
8%
XChinaFluss durch die innere Mongolei, heißt übersetzt Westlicher Liao Fluss, mündet in den Liao FlussXiliao He
6%
QKanadaFluss durch Saskatchewan, mündet in Manitoba in den AssiniboineQu'Appelle
1%

Verteilung der Resultate

Perzentil nach korrekt beantworteten Fragen

Anzahl Personen mit jedem Resultat

Ihre Resultats-Entwicklung

Sie haben dieses Quiz noch nicht gespielt